LEADER 01078nam a2200229 i 4500 001 000000196445 003 CaOOAMICUS 005 20110124000000.0 008 110124s1979 it u000 u ita u 013 $a175127 040 $aSeMil$bita 100 1 $aMartini, Aldo,$d<1941- >.$0(OLS)http://semarc/name/19455 245 13$aIl cosidetto pontificale di Poitiers :$b(Paris, Bibliothèque de l'Arsenal, cod. 227) /$ca cura di Aldo Martini. 260 $aRoma :$bHerder,$c1979. 300 $a392 p., [4] p. di tav. ;$c25 cm. 490 0 $aRerum Ecclesiasticarum Documenta. Serie maior. Fontes ;$v14. 650 4$aLiturgia - Studi.$0(OLS)http://semarc/subject/166 830 0$aRerum Ecclesiasticarum Documenta. Serie maior. Fontes ;$v14.$0(OLS)http://semarc/title/32455 850 $aSeMil 852 $aSeMil$W1$xVenegono$y1$m3K V 83$j147008$B147008$CSeMilBibl$Z2$F158608 $81 996 $6245$aIl cosidetto pontificale di Poitiers :$b(Paris, Bibliothèque de l'Arsenal, cod. 227)$9(OLS)http://semarc/title/283634 996 $6260$aRoma :$bHerder$9(OLS)http://semarc/publisher/29637 LEADER 01016nam a2200229 i 4500 001 000000032604 003 CaOOAMICUS 005 20180830125450.0 008 180830s1960 it u000 u ita u 040 $aSeMil$bita 100 1 $aD'Amico, Silvio.$0(OLS)http://semarc/name/6430 245 10$aStoria del teatro drammatico /$cSilvio D'Amico. 260 $aMilano :$bGarzanti,$ccopyr. 1960. 300 $av. ;$c18 cm. 500 $aFondo card. Giovanni Colombo. 650 4$aTeatro - Storia.$0(OLS)http://semarc/subject/649 773 0 $tSaper tutto.$dMilano : Garzanti, [196?]$w()5039 774 0 $aD'Amico, Silvio$tVol. 2.$bEd. ridotta a cura di Sandro d'Amico.$kSaper tutto : l'enciclopedia del 20. secolo$w()245274 774 0 $aD'Amico, Silvio$tVolume primo.$bEd. ridotta a cura di Sandro d'Amico.$kSaper tutto : l'enciclopedia del 20. secolo$w()245344 941 1 $a3 996 $6245$aStoria del teatro drammatico$9(OLS)http://semarc/title/24495 996 $6260$aMilano :$bGarzanti$9(OLS)http://semarc/publisher/29852